Vista normal
Vista MARC
- Slemenson, Pablo Darío
Entrada Nombre personal
Número de registros utilizados en: 13
001 - NÚMERO DE CONTROL
- campo de control: 4
003 - IDENTIFICADOR DE NÚMERO DE CONTROL
- campo de control: AR-BaBMM
005 - FECHA Y HORA DE LA ÚLTIMA TRANSACCIÓN
- campo de control: 20221205210339.0
008 - ELEMENTOS DE DATO DE LONGITUD-FIJA
- campo de control de longitud fija: 221205|| aca||aabn | a|a d
040 ## - FUENTE DE CATALOGACIÓN
- Centro catalogador/agencia de origen: AR-BaBMM
100 1# - ENCABEZAMIENTO-NOMBRE DE PERSONA
- Nombre de persona: Slemenson, Pablo Darío


